Món ăn đãi khách
Quyển sách giới thiệu cách chế biến 202 món ăn để đãi khách. Từ các món bò, thịt heo, vịt, chim đến các món cơm, lẩu,...
Gardado en:
| Autor Principal: | |
|---|---|
| Formato: | Libro |
| Idioma: | Undetermined |
| Publicado: |
Hà Nội
Văn hóa Thông tin
2006
|
| Những chủ đề: | |
| Các nhãn: |
Engadir etiqueta
Sen Etiquetas, Sexa o primeiro en etiquetar este rexistro!
|
| Thư viện lưu trữ: | Trung tâm Học liệu Trường Đại học Cần Thơ |
|---|
| LEADER | 00727nam a2200205Ia 4500 | ||
|---|---|---|---|
| 001 | CTU_112934 | ||
| 008 | 210402s9999 xx 000 0 und d | ||
| 020 | |c 29000 | ||
| 082 | |a 641.568 | ||
| 082 | |b C120 | ||
| 100 | |a Cẩm Tuyết | ||
| 245 | 0 | |a Món ăn đãi khách | |
| 245 | 0 | |c Cẩm Tuyết | |
| 260 | |a Hà Nội | ||
| 260 | |b Văn hóa Thông tin | ||
| 260 | |c 2006 | ||
| 520 | |a Quyển sách giới thiệu cách chế biến 202 món ăn để đãi khách. Từ các món bò, thịt heo, vịt, chim đến các món cơm, lẩu,... | ||
| 650 | |a Entertaining.,Cookery, Vietnamese | ||
| 904 | |i Minh | ||
| 980 | |a Trung tâm Học liệu Trường Đại học Cần Thơ | ||